Algebraische kurven
Αποθηκεύτηκε σε:
| Κύριος συγγραφέας: | |
|---|---|
| Μορφή: | Βιβλίο |
| Γλώσσα: | German |
| Δημοσίευση: |
Berlin :
Walter de Gruyter,
1943
|
| Σειρά: | Sammlung Goschen ;
; 436 |
| Θέματα: | |
| Ετικέτες: |
Προσθήκη ετικέτας
Δεν υπάρχουν, Καταχωρήστε ετικέτα πρώτοι!
|
MARC
| LEADER | 00000cam a2200000 i 4500 | ||
|---|---|---|---|
| 001 | 1/7423 | ||
| 008 | 100513s1943 ger d | ||
| 035 | |l 10107856 | ||
| 040 | |a GR-MY-UA |b gre |e aacr | ||
| 041 | 0 | |a ger | |
| 082 | 0 | |a 516.36 |2 (22) | |
| 100 | 1 | |a Wieleitner, Heinrich, |d 1874-1931. | |
| 245 | 1 | 0 | |a Algebraische kurven / |c von H. Wieleitner |
| 260 | |a Berlin : |b Walter de Gruyter, |c 1943 | ||
| 300 | |a 2τ.; |b εικ.; |c 16 εκ. | ||
| 490 | 1 | |a Sammlung Goschen |v ; 436 | |
| 504 | |a Περιέχει ευρετήριο | ||
| 505 | 0 | |a Τ. 1. Gestaltiche verhaltnisse -- τ. 2. Allgemeine elgeschaften | |
| 650 | 0 | 0 | |a Curves. |
| 740 | 0 | 2 | |a Gestaltliche verhaltnisse |
| 740 | 0 | 2 | |a Allgemeine eigenschaften |
| 830 | 0 | |a Sammlung Goschen ; |v ; 436 | |
| 852 | |a INST |b SAMOS |c MAG |e 20100517 |h 516.36 WIE |p 005300031878 |q 005300031878 |t BK |v τ.1: |y 0 |z τ.1 | ||
| 852 | |a INST |b SAMOS |c MAG |e 20100513 |h 516.36 WIE |p 005300031883 |q 005300031883 |t BK |v τ.2: |y 0 |z τ.2 | ||
| 853 | |a INST |b SAMOS |c MAG |h 516.36 WIE | ||
| 901 | |a BIBL3-2010-2 | ||
| 909 | |a Σ |b 162322 | ||
| 909 | |a Σ |b 162317 | ||
| 970 | |a ΣΙΤΖΙΜΗ |b ΓΙΑΣΕΜΗ |z 2010/05/13 | ||